| 000 | 00405nam a2200157Ia 4500 | ||
|---|---|---|---|
| 999 |
_c2323 _d2323 |
||
| 020 | _a0-19-861263-x | ||
| 082 | _aRR 423 NEW; | ||
| 245 | 0 | _aNew oxford dictionary of English | |
| 260 |
_aOxford _bClarendon Press _c1998 |
||
| 300 | _axxi, 2152p. | ||
| 504 | _aRef | ||
| 650 | _aThe new oxford dictionary of English | ||
| 650 | _aEnglish language - Dictionaries | ||
| 700 | _aPearsall, Judy | ||
| 942 | _cBK | ||